000
00289nam a2200109Ia 4500
008
230907s9999||||xx |||||||||||||| ||und||
082
_a
611
_b
CHA
245
0
_a
BD Chaurasia's handbook of general anatomy /
260
_a
CBS Publishers,
_b
New Delhi :
_c
2015
300
_a
370 p.
942
_c
BK
999
_c
601298
_d
601298